| 000 | 00290 a2200121 4500 | ||
|---|---|---|---|
| 999 |
_c321848 _d321848 |
||
| 001 | 86775 | ||
| 003 | NUST | ||
| 005 | 20180123152422.0 | ||
| 008 | 180123b xxu||||| |||| 00| 0 eng d | ||
| 082 | _a133.6 DOM | ||
| 100 |
_aDomin, Linda _99619 |
||
| 245 |
_aInstant PALM Reader _hEnglish |
||
| 260 |
_aUSA _bHealth Harmony Publishing _c2007 |
||
| 300 | _a312p. | ||
| 942 |
_aCAE NUST _cBK _k133.6 DOM _2ddc |
||